MDQL
is popping MORE tags! Check the
thread
!
Quizzes
Events
Quiz Creation
Community
Videos
Private Events
Remove Ads
Sign In
Join for FREE
Feedback
Dark Mode
Quiz Categories
Sports
Geography
Music
Movies
Television
Just For Fun
Miscellaneous
History
Literature
Language
Science
Gaming
Entertainment
Religion
Holiday
For Kids
Quiz Lab
Recent
Popular Today
Quiz Kudos Today
Editor Picks
Curator Picks
Quizzes by...
Day
Popularity
Type
Ratings
Length
Year
Community
Subscriptions
Recent Discussions
Orange Saloon
Badges
Playlists
Quests
Create
Leaderboards
Showdown
Live 5
Trivia Bingo
Activity
Puzzle Library
Sporcle Events
Private Events
Virtual Trivia
Globe League
Become a Host
Pub Owners
SporcleCon
Opinionation
Our Games
Videos
Blog
Mobile Apps
Partnerships
Remove Ads and Go Orange
Feedback
Music
Pop Music
The Beatles
Song
Album
Lyrics
Bands
Singers
Artist
Clip
Rock
Rap
Classical
Billboard
Country Music
Kpop
Taylor Swift
Music
Pop Music
The Beatles
Song
Album
Lyrics
Bands
Singers
Artist
Clip
Rock
Rap
Classical
Billboard
Country Music
Kpop
Taylor Swift
Random Quiz
Search Sporcle
×
Quiz Lab
Quiz Lab
Music
Album
Type in answers that appear in a list
Type in answers that appear in a list
Classic
Best Score? Go Orange.
Muse singles AND albums Stats
Can you name the names of all muse singles and what albums they are from?
By
jackbee94
10m
23 Questions
161 Plays
161 Plays
161 Plays
Comments
Comments
Give Quiz Kudos
Give Quiz Kudos
-
- Ratings
hide this ad
Replay
Link that replays current quiz
Next Quiz
Link to next quiz in quiz playlist
You Got
0%
They Got
Avg Score
64%
Avg Friend Score
Upgrade to see
Score Distribution
Jump to the score distribution portion of the page
Score
0/23
Timer
10:00
0
Plays Today
Year
Song and album
% Correct
1999
Muscle Museum -Showbiz
82.6%
1999
Uno - Showbiz
80.7%
2001
Plug In Baby - Origin of Symmetry
78.9%
2000
Sunburn - Showbiz
75.2%
2001
New Born - Origin of Symmetry
75.2%
2006
Starlight - Black Holes and Revelations
73.9%
2006
Knights of Cydonia - Black Holes and Revelations
73.9%
2009
Uprising - The Resistance
73.9%
1999
Cave - Showbiz
73.3%
2003
Hysteria - Absolution
73.3%
2001
Bliss - Origin of Symmetry
72%
2003
Time Is Running Out - Absolution
72%
Year
Song and album
% Correct
2009
Undisclosed Desires - The Resistance
66.5%
2006
Supermassive Black Hole - Black Holes and Revelations
65.8%
2000
Unintended - Showbiz
65.2%
2004
Butterflies and Hurricanes - Absolution
64.6%
2004
Sing for Absolution - Absolution
64%
2007
Invincible - Black Holes and Revelations
57.8%
2007
Map of the Problematique - Black Holes and Revelations
57.8%
2003
Stockholm Syndrome - Absolution
54%
2004
Apocalypse Please - Absolution
41%
2001
Hyper Music|Feeling Good - Origin of Symmetry
22.4%
2002
Dead Star/In Your World - Hullabaloo Soundtrack
11.2%
Quiz Playlist
Details
Report
Send in Message
Add To Playlist
Classic:
Type in answers that appear in a list
Last Updated: Feb 16, 2017
Quiz Scoreboard
CHALLENGE
Sign Up to Join the Scoreboard
Show All
Scores
Hide
Comments
May contain spoilers
Recently Published
Holiday 10x10 Sorting Gallery
by lukepisani3
Holiday
15m
Two Season TV Shows II
by 123Four
Television
10m
Image Sorting: Flags VI
by Barbecue
Geography
2m
More to Explore
Quiz From the Vault
Featured Blog Post
14 Easter Pick-up Lines to Find Eggs With
hide this ad
You Might Also Like...
Tags
Album Quiz
Song Quiz
muse
Single
Today's Top Quizzes in Music
Browse Music
hide this ad
Today's Top Quizzes in Album
Browse Album
Top Contributed Quizzes in Music
1
5X2 Blitz: Bands II
2
5X2 Blitz: The Beatles
3
Taylor Swift All Songs (2024)
4
5X2 Blitz: Billboard
5
5X2 Blitz: Billboard II
6
Music Artist by Three 2010s hits
7
5X2 Blitz: Album
8
5X2 Blitz: Rock
9
5X2 Blitz: Singers
10
5X2 Blitz: Lyrics
Explore More
Trending Topics
Harry Potter
Disney
Crossword
Kpop
Marvel
NBA
Anime
Puzzle
Soccer
NFL
WWE
Country
The Office
Pokémon
Song
hide this ad
More By:
jackbee94
Quiz
Plays
Rating
Category
Featured
Created
The Mighty Boosh characters by quote
768
4.00
Television
Dec 9, 2009
Capital cities (60 seconds)
561
2.79
Geography
Dec 9, 2009
English Football Play-Off losers 2000s
468
4.50
Sports
Dec 7, 2009
Lead singers (Past & Present)
202
2.00
Music
Dec 9, 2009
Muse singles AND albums
161
2.25
Music
Dec 7, 2009
Go to Creator's Profile
Score Distribution
Quiz Creator Spotlight
jackbee94
Follow
Send a Message
Quizzes Created
-
Created Quiz Play Count
-
More By This Creator
Popular Quizzes Today
1
Find the US States - No Outlines Minefield
2
Colored Red Africa Blitz
3
Find the 'City' Movie
4
The Countries of the World
5
5x2 Blitz: Bands
6
Find the Countries of Europe - No Outlines Minefield
7
Find the US States
8
US States
More Music Quizzes
2016 Number 1 Singles by Lyrics
Quiz Lab
Trending Quizzes
Colored Red Europe Blitz I
Colored Red Europe Blitz II
Colored Red Africa Blitz II
Even More Two Season TV Shows
Colored Red Africa Blitz III
Recently Updated
Odd Team Out - Big 4 Players
pecheneg
Quick Pick: 20 Twenties
pecheneg
March Madness Men's Triple Doubles
pecheneg
How Do You Spell That?
pecheneg
Godzilla Movies
pecheneg
Grab Bag: 4-10 Letters
pecheneg
2024 March Madness Bracket
pecheneg
Famous TV Couples
Peacemaker
Champions League XIs: Real Madrid
pecheneg
Largest US Cities 1790-2010
pecheneg
Trending Topics
Harry Potter
Crossword
Anime
NBA
Marvel
Disney
Kpop
WWE
Soccer
The Office
NFL
Puzzle
Pokémon
Country
Song
Your Account Isn't Verified!
In order to create a playlist on Sporcle, you need to verify the email address you used during registration. Go to your
Sporcle Settings
to finish the process.
Report this User
Report this user for behavior that violates our
Community Guidelines
.
Details:
Send Report
Go to the Sporcle.com Mobile Site →
Comments